Course 511: Electrical And Electronic Craft Studies: Workbook 2: Electric Supply (Record no. 2239)

MARC details
000 -LEADER
fixed length control field 00471nam a2200181Ia 4500
003 - CONTROL NUMBER IDENTIFIER
control field OST
005 - DATE AND TIME OF LATEST TRANSACTION
control field 20240606080851.0
008 - FIXED-LENGTH DATA ELEMENTS--GENERAL INFORMATION
fixed length control field 150730s9999 xx 000 0 und d
020 ## - INTERNATIONAL STANDARD BOOK NUMBER
International Standard Book Number 91147018
040 ## - CATALOGING SOURCE
Transcribing agency MRUC
100 ## - MAIN ENTRY--PERSONAL NAME
Personal name Miller, H.A
245 ## - TITLE STATEMENT
Title Course 511: Electrical And Electronic Craft Studies: Workbook 2: Electric Supply
264 ## - PRODUCTION, PUBLICATION, DISTRIBUTION, MANUFACTURE, AND COPYRIGHT NOTICE
Place of production, publication, distribution, manufacture London
264 ## - PRODUCTION, PUBLICATION, DISTRIBUTION, MANUFACTURE, AND COPYRIGHT NOTICE
Name of producer, publisher, distributor, manufacturer Hutchinson Education
264 ## - PRODUCTION, PUBLICATION, DISTRIBUTION, MANUFACTURE, AND COPYRIGHT NOTICE
Date of production, publication, distribution, manufacture, or copyright notice 1973
942 ## - ADDED ENTRY ELEMENTS (KOHA)
Source of classification or shelving scheme Library of Congress Classification
Koha item type Books
Holdings
Withdrawn status Lost status Source of classification or shelving scheme Damaged status Not for loan Home library Current library Date acquired Total checkouts Barcode Date last seen Price effective from Koha item type
    Library of Congress Classification     Murang'a University of Technology Library Murang'a University of Technology Library 14/08/2015   002322 14/08/2015 14/08/2015 Books